| 000 | 00358nam a22001337a 4500 | ||
|---|---|---|---|
| 020 | _qPB. | ||
| 040 | _cFIZZA ISHAQ | ||
| 082 |
_a940.53 _bHAR |
||
| 100 |
_a Hart , Liddell. _946235 |
||
| 245 |
_aHistory of the Second World War / _c Liddell Hart. |
||
| 260 |
_aNew York : _bPan Books, _c1970 |
||
| 300 |
_a829 P. ; _c7.7 x 5.1 x 1.5 inches |
||
| 942 |
_2ddc _cBK |
||
| 999 |
_c616869 _d616869 |
||